000 01032cad a22002415a 4500
001 L156888
008 120727s2012 xxk f 000 0 eng d
035 _a(Sirsi) u156888
041 0 _aeng
100 1 _aChen, Frank
245 0 0 _aSenior housing in China
_bA market in the making
_h[electronic resource]
260 _aChina
_bCBRE
_c2012
490 0 _aCBRE Research Viewpoint
_vJuly 2012
520 _aLooks at the provision of accommodation for the elderly in China which ranges from public and private nursing homes to continuing care retirement communities and retirement apartment. Provides a range of opportunities for overseas investors wishing to move into an evolving market.
590 _aKA
651 4 _aChina
690 _aResidential property
_96266
690 _aCommercial property
_96227
700 1 _aChoi, Ada
700 1 _aCheung, William
856 4 0 _uhttps://www.cbre.eu/portal/pls/portal/res_rep.show_report?report_id=1961
_zView the item free of charge from the www.cbre.eu website
942 _n0
999 _c114473
_d114473